Anime Click Quiz - Statistics

General Stats
  • This quiz has been taken 4,790 times
  • The average score is 11 of 12
Answer Stats
Hint Answer % Correct
Light Yagami is a genius high school student who discovers a mysterious notebook, which belonged to the shinigami Ryuk, and grants the user the supernatural ability to kill anyone whose name is written in its pages. Death Note
95%
Humanity is forced to live in cities surrounded by three enormous walls that protect them from gigantic man-eating humanoids. Attack on Titan
94%
Son Goku in his adult life as he and his companions defend the Earth against villains including aliens, androids, and magical creatures. Dragon Ball Z
94%
In a seafaring world, a young pirate captain sets out with his crew to attain the title of Pirate King, and to discover the mythical treasure. One Piece
94%
Izuku Midoriya, a boy born without superpowers in a world where they are the norm, still dreams of becoming a superhero himself. My Hero Academia (MHA)
93%
A young ninja seeks recognition from his peers and dreams of becoming the Hokage, the leader of his village. Naruto
93%
High school student Yuji Itadori joins a secret organization in order to kill a powerful Curse named Ryomen Sukuna, to whom Yuji becomes the host. Jujutsu Kaisen
92%
Saitama, an unassociated hero, hails from City Z and performs heroic deeds as a hobby. One-Punch Man
90%
Denji, an impoverished teenager, makes a contract that fuses his body with that of a dog-like Devil named Pochita. Chainsaw Man
88%
A weretiger named Atsushi Nakajima joins into the "Armed Detective Agency" who investigate multiple cases while dealing with multiple organizations. Bungo Stray Dogs
78%
Follows the lives of a traveling bounty-hunting crew aboard a spaceship. Cowboy Bebop
77%
A group of warriors were wrongly accused of a crime they didn't commit and went on a quest to vindicate themselves. The Seven Deadly Sins
69%
No matching quizzes found
Score Distribution
Percent of People with Each Score
Percentile by Number Answered
Your Score History
You have not taken this quiz